| 000 | 01147nam a2200313 i 4500 | ||
|---|---|---|---|
| 001 | bg | ||
| 003 | KOSZ 005 | ||
| 005 | 20220905095254.0 | ||
| 008 | 071021s1966 pl a f f 000 0 pol | ||
| 015 | _aPB 1966/8234 | ||
| 040 |
_aWA N _cWA N _dKOSZ 005/RW |
||
| 080 | _a539.3/.5 | ||
| 080 | _a(075.8+076) | ||
| 100 | 1 |
_aKurowski, Rajnold _d(1889-1953) _eAutor |
|
| 245 | 1 | 0 |
_aZbiór zadań z wytrzymałości materiałów / _cRajnold Kurowski, Zdzisław Parszewski. |
| 250 | _aWydanie 2. | ||
| 260 |
_aWarszawa : _bPaństwowe Wydawnictwo Naukowe, _c1966. |
||
| 300 |
_a627, [1] stron : _bilustracje ; _c26 cm. |
||
| 336 |
_aTekst _btxt _2rdacontent |
||
| 337 |
_aBez urządzenia pośredniczącego _bn _2rdamedia |
||
| 338 |
_aWolumin _bnc _2rdacarrier |
||
| 380 | _aKsiążki | ||
| 655 | 4 | _aĆwiczenia i zadania dla szkół wyższych | |
| 650 | 4 | _aWytrzymałość materiałów | |
| 710 | 2 |
_aPaństwowe Wydawnictwo Naukowe _4pbl. |
|
| 700 | 1 |
_aParszewski, Zdzisław _d(1924-1999) _eAutor |
|
| 856 |
_uhttp://koha.tu.koszalin.pl/cgi-bin/koha/opac-detail.pl?biblionumber=13246 _yKatalog online BPK |
||
| 942 |
_2UKD _cKS |
||
| 999 |
_c13246 _d13246 |
||